000 00271nam a22001217a 4500
008 181219b xxu||||| |||| 00| 0 eng d
041 _aeng
080 _22nd
_a621
100 _a26
101 _aIM
245 _aNuclear Radiation Detection
_cPrice,W.J
942 _2udc
_cBK
999 _c53517
_d53517